000 00355nam a22001577a 4500
999 _c10630
_d10630
003 OSt
008 210518b ||||| |||| 00| 0 eng d
020 _a9788126515547
100 _aLEE,JD
245 _aConcise Inorganic Chemistry
250 _a5th
260 _aNew Delhi
_bWiley
_c2021
300 _a1032
650 _aApplied Sc
942 _2ddc
_cBK
_02